The Picture Bible dictionary / (Record no. 13995)

MARC details
000 -LEADER
fixed length control field 00656nam a22002172 4500
001 - CONTROL NUMBER
control field 0000005425
005 - DATE AND TIME OF LATEST TRANSACTION
control field 20151217160101.0
008 - FIXED-LENGTH DATA ELEMENTS--GENERAL INFORMATION
fixed length control field 070614s xx 000 0 eng d
020 ## - INTERNATIONAL STANDARD BOOK NUMBER
International Standard Book Number 078140133X :
Terms of availability KES 1,590
040 ## - CATALOGING SOURCE
Original cataloging agency KABU
Transcribing agency KABU
050 #0 - LIBRARY OF CONGRESS CALL NUMBER
Classification number BS440
Item number .M53
100 1# - MAIN ENTRY--PERSONAL NAME
Personal name Mickelsen, Berkeley.
-- 0000156743
245 14 - TITLE STATEMENT
Title The Picture Bible dictionary /
Statement of responsibility, etc. Berkeley and Alvera Mickelsen.
260 ## - PUBLICATION, DISTRIBUTION, ETC. (IMPRINT)
Place of publication, distribution, etc. Elgin, Ill. :
Name of publisher, distributor, etc. D. C. Cook,
Date of publication, distribution, etc. 1993.
300 ## - PHYSICAL DESCRIPTION
Extent 384 p.
650 #0 - SUBJECT ADDED ENTRY--TOPICAL TERM
Topical term or geographic name as entry element Bible
Form subdivision Dictionaries.
-- 0000148983
700 1# - ADDED ENTRY--PERSONAL NAME
Personal name Mickelsen, Alvera.
-- 0000156744
908 ## - PUT COMMAND PARAMETER (RLIN)
Put command parameter 070614
950 ## - LOCAL HOLDINGS (RLIN)
-- 1
Holdings
Withdrawn status Lost status Source of classification or shelving scheme Not for loan Home library Current library Date acquired Total Checkouts Total Renewals Full call number Barcode Date last seen Date last checked out Price effective from Koha item type
    Library of Congress Classification   Kabarak, Main Campus Kabarak, Main Campus 17/12/2015 4 3 BS440 .M53 002028 11/01/2021 11/12/2020 17/12/2015 Children Collection
Designed with assistance from East African Informatics Ltd